| 000 | 00667nam a2200181Ia 4500 | ||
|---|---|---|---|
| 008 | 100921s9999 xx 000 0 und d | ||
| 082 |
_b26234 _a891.468 थ 81 |
||
| 100 | _aदेशपांडे पुरूषोत्तम लक्ष्मण. | ||
| 245 | _aखोगीरभारती. | ||
| 260 |
_bपुणे विद्यार्थीगृह प्रकाशन,पुणे. _c1981 |
||
| 300 |
_a163 _b--- |
||
| 365 | _b20 | ||
| 520 | _aललित-संकीर्ण. | ||
| 630 | _aखोगीरभारती. | ||
| 650 | _aललित-संकीर्ण. | ||
| 730 | _aखोगीरभारती. | ||
| 942 | _cBOOK | ||
| 999 |
_c775347 _d775344 |
||